000 00807nam a2200229 a 4500
001 000025486
003 DO-SdBNP
005 20251212085623.0
008 110217s1999 dr a 001 0 spa d
040 _aDO-SdBNP
_bspa
_cBNPHU
082 _a336.2
_bM766s
100 1 _aMontás Yapur, Germania
_952128
245 1 0 _aSistema de información tributaria en la República Dominicana /
_cGemania Montás Yapur.
260 _aSanto Domingo :
_bDGII,
_c1999.
300 _a61 p. :
_bil., ;
_c22 cm.
500 _aIncluye bibliografía y notas al pie de páginas.
590 _aInventariado, 2018/LP
650 0 _aImpuestos
_zRepública Dominicana
_98380
710 1 2 _aDirección General de Impuestos Internos, (República Dominicana)
_952129
910 _aValidado. Control de calidad EMS
942 _2ddc
_cLBS1
999 _c24978
_d24978